Unit operations of chemical engineering (Record no. 3799)

000 -LEADER
fixed length control field 00652nam a2200241 a 4500
001 - CONTROL NUMBER
control field 3799
003 - CONTROL NUMBER IDENTIFIER
control field BD-DhUET
008 - FIXED-LENGTH DATA ELEMENTS--GENERAL INFORMATION
fixed length control field 850523s1985 nyua b 001 0 eng
020 ## - INTERNATIONAL STANDARD BOOK NUMBER
International Standard Book Number 0070448280
040 ## - CATALOGING SOURCE
Modifying agency BD-DhUET
Transcribing agency 0
082 0# - DEWEY DECIMAL CLASSIFICATION NUMBER
Classification number 660.2842
Item number MCC/1985
100 1# - MAIN ENTRY--PERSONAL NAME
Personal name McCabe, Warren L.
245 10 - TITLE STATEMENT
Title Unit operations of chemical engineering
250 ## - EDITION STATEMENT
Edition statement 4th ed.
260 ## - PUBLICATION, DISTRIBUTION, ETC. (IMPRINT)
Place of publication, distribution, etc. New York
Name of publisher, distributor, etc. McGraw-Hill
Date of publication, distribution, etc. 1985
300 ## - PHYSICAL DESCRIPTION
Extent x, 960 p.
Other physical details ill.
Dimensions 25 cm.
490 1# - SERIES STATEMENT
Series statement McGraw-Hill chemical engineering series
504 ## - BIBLIOGRAPHY, ETC. NOTE
Bibliography, etc Includes bibliographies
650 #0 - SUBJECT ADDED ENTRY--TOPICAL TERM
Topical term or geographic name as entry element Chemical Processer
700 1# - ADDED ENTRY--PERSONAL NAME
Personal name Smith, Julian C.
700 1# - ADDED ENTRY--PERSONAL NAME
Personal name Harriott, Peter.
942 ## - ADDED ENTRY ELEMENTS (KOHA)
Koha item type General Book
Holdings
Withdrawn status Not for loan Koha issues (times borrowed) Damaged status Price effective from Koha full call number Piece designation (barcode) Koha date last borrowed Koha normalized classification for sorting Date acquired Shelving location Lost status Koha date last seen Source of classification or shelving scheme Koha item type Sublocation or collection (holding branch) Location (home branch) Copy number
    2014-11-05660.2842/MCC/198572739 660_000000000000000_2842MCC1982014-11-05Circulation section 2016-10-23 General BookCentral Library, BUETCentral Library, BUET1
    2014-11-05660.2842/MCC/198577549 660_000000000000000_2842MCC1982014-11-05Circulation section 2014-11-05 General BookCentral Library, BUETCentral Library, BUET2
  2 2014-11-05660.2842/MCC/1985775502018-11-14660_000000000000000_2842MCC1982014-11-05Circulation section 2018-12-04 General BookCentral Library, BUETCentral Library, BUET3
    2015-07-01660.2842/MCC/198568731 660_284200000000000_MCC_19852015-07-01Reading section 2015-07-01 Reading ItemCentral Library, BUETCentral Library, BUET4
    2024-11-25660.2842 MCC/198573910 660_284200000000000_MCC_19851989-06-27Rental section 2024-11-25 Rental ItemCentral Library, BUETCentral Library, BUET৪/ক-১
    2024-11-25660.2842 MCC/198573911 660_284200000000000_MCC_19851989-06-27Rental section 2024-11-25 Rental ItemCentral Library, BUETCentral Library, BUET৪/ক-২
    2024-11-25660.2842 MCC/198573912 660_284200000000000_MCC_19851989-06-27Rental section 2024-11-25 Rental ItemCentral Library, BUETCentral Library, BUET৪/ক-৩
    2024-11-25660.2842 MCC/198573913 660_284200000000000_MCC_19851989-06-27Rental section 2024-11-25 Rental ItemCentral Library, BUETCentral Library, BUET৪/ক-৪
    2024-11-25660.2842 MCC/198573914 660_284200000000000_MCC_19851989-06-27Rental section 2024-11-25 Rental ItemCentral Library, BUETCentral Library, BUET৪/ক-৫
    2024-11-25660.2842 MCC/198573915 660_284200000000000_MCC_19851989-06-27Rental section 2024-11-25 Rental ItemCentral Library, BUETCentral Library, BUET৪/ক-৬
    2024-11-25660.2842 MCC/198573916 660_284200000000000_MCC_19851989-06-27Rental section 2024-11-25 Rental ItemCentral Library, BUETCentral Library, BUET৪/ক-৭
    2024-11-25660.2842 MCC/198573917 660_284200000000000_MCC_19851989-06-27Rental section 2024-11-25 Rental ItemCentral Library, BUETCentral Library, BUET৪/ক-৮
    2024-11-25660.2842 MCC/198573918 660_284200000000000_MCC_19851989-06-27Rental section 2024-11-25 Rental ItemCentral Library, BUETCentral Library, BUET৪/ক-৯
    2024-11-25660.2842 MCC/198573919 660_284200000000000_MCC_19851989-06-27Rental section 2024-11-25 Rental ItemCentral Library, BUETCentral Library, BUET৪/ক-১০
    2024-11-25660.2842 MCC/198573934 660_284200000000000_MCC_19851989-06-27Rental section 2024-11-25 Rental ItemCentral Library, BUETCentral Library, BUET৪/ক-২৫
    2024-11-25660.2842 MCC/198573935 660_284200000000000_MCC_19851989-06-27Rental section 2024-11-25 Rental ItemCentral Library, BUETCentral Library, BUET৪/ক-২৬